00387nam a22001337a 450000500170000000800410001704100130005808200130007110000130008424500670009726000340016430000300019865000250022820240502071237.0240430b |||||||| |||| 00| 0 eng d aEnglish  a349 LAW  lEnglish  aThe Law Reports: Kings Bench Division / cedited by F Pollock  aLondon: bTHE COUNCIL, c1923 bxxvi,728 pages; c25 cm.  aLegal practice bLaw